| 000 | 00391nam a2200157Ia 4500 | ||
|---|---|---|---|
| 008 | 230917s9999||||xx |||||||||||||| ||und|| | ||
| 020 | _cPOU4.95 | ||
| 040 |
_e3897 _aMAIN |
||
| 041 | _aEnglish | ||
| 082 | _a320.947 S16P | ||
| 100 | _aSchapiro, Leonard, ed | ||
| 245 | 0 | _aPolitical opposition in one-party states | |
| 260 |
_aLondon _bMacmillan _c1972 |
||
| 300 | _a289 p. | ||
| 942 | _cBK | ||
| 999 |
_c216316 _d216316 |
||